मिशन ब्लू प्लैनेट/ (Record no. 205587)

MARC details
000 -LEADER
fixed length control field 01435nam a22002417a 4500
005 - DATE AND TIME OF LATEST TRANSACTION
control field 20241206161409.0
010 ## - LCCN (DPL NO)
LC control number B-760516-529 07/24,CHHN B-761383
020 ## - INTERNATIONAL STANDARD BOOK NUMBER
Terms of availability 450.00
International Standard Book Number 9789380920948
035 ## - SYSTEM CONTROL NUMBER
System control number B-760516-529
035 ## - SYSTEM CONTROL NUMBER
System control number B-761383
037 ## - SOURCE OF ACQUISITION
Source of stock number/acquisition सनशाइन बुक्स
082 ## - DEWEY DECIMAL CLASSIFICATION NUMBER
Classification number
100 ## - MAIN ENTRY--PERSONAL NAME
Personal name रमाशंकर
245 ## - TITLE STATEMENT
Title मिशन ब्लू प्लैनेट/
Statement of responsibility, etc रमाशंकर
260 ## - PUBLICATION, DISTRIBUTION, ETC. (IMPRINT)
Name of publisher, distributor, etc सनशाइन बुक्स
Place of publication, distribution, etc नई दिल्ली
Date of publication, distribution, etc 2022
270 ## - ADDRESS
Address 4760-61,द्वितीय तल,23 अंसारी रेड,दरियागंज,
City नई दिल्ली
Postal code 110002
300 ## - PHYSICAL DESCRIPTION
Extent 136 पृ.:
Dimensions 22 सेमी.(सजिल्द)
Other physical details सचित्र
500 ## - GENERAL NOTE
General note हरिकृष्ण देवसरे बाल साहित्य पुरस्कर प्राप्त
650 ## - SUBJECT ADDED ENTRY--TOPICAL TERM
Topical term or geographic name as entry element वैज्ञानिक बाल साहित्य
942 ## - ADDED ENTRY ELEMENTS (KOHA)
Source of classification or shelving scheme Dewey Decimal Classification
Item type Children Books
Call number suffix रमाशं
Classification part
Holdings
Withdrawn status Lost status Not for loan Collection code Home library Current library Date acquired Source of acquisition Cost, normal purchase price Full call number Barcode Copy number Cost, replacement price Koha item type Public note
      Non-fiction Andrews Gunj Andrews Gunj 21/10/2024 सनशाइन बुकस/IN5682/04.09.24/BAL/219/03.09.24/23.09.2024 450.00 रमाशं क B-760522 1 450.00 Children Books  
      Non-fiction Ashok Vihar Ashok Vihar 21/10/2024 सनशाइन बुकस/IN5682/04.09.24/BAL/219/03.09.24/23.09.2024 450.00 रमाशं क B-760517 1 450.00 Children Books  
      Non-fiction Bawana Bawana 21/10/2024 सनशाइन बुकस/IN5682/04.09.24/BAL/219/03.09.24/23.09.2024 450.00 रमाशं क B-760524 1 450.00 Children Books  
      Non-fiction Central Library Central Library 21/10/2024 सनशाइन बुकस/IN5682/04.09.24/BAL/219/03.09.24/23.09.2024 450.00 रमाशं क B-760516 1 450.00 Children Books  
      Fiction Central Library Central Library 06/12/2024 उपहार /06/12/2024 450.00 रमाशं क B-761383 1 450.00 Children Books उपहार
      Non-fiction Community Library Lodhi Road Community Library Lodhi Road 21/10/2024 सनशाइन बुकस/IN5682/04.09.24/BAL/219/03.09.24/23.09.2024 450.00 रमाशं क B-760527 1 450.00 Children Books  
      Non-fiction Peshwa Road Peshwa Road 21/10/2024 सनशाइन बुकस/IN5682/04.09.24/BAL/219/03.09.24/23.09.2024 450.00 रमाशं क B-760518 1 450.00 Children Books  
      Non-fiction R.K.Puram-8 R.K.Puram-8 21/10/2024 सनशाइन बुकस/IN5682/04.09.24/BAL/219/03.09.24/23.09.2024 450.00 रमाशं क B-760521 1 450.00 Children Books  
      Non-fiction RC3 Aruna Nagar RC3 Aruna Nagar 21/10/2024 सनशाइन बुकस/IN5682/04.09.24/BAL/219/03.09.24/23.09.2024 450.00 रमाशं क B-760529 1 450.00 Children Books  
      Non-fiction RCZLS D RCZLS D 21/10/2024 सनशाइन बुकस/IN5682/04.09.24/BAL/219/03.09.24/23.09.2024 450.00 रमाशं क B-760528 1 450.00 Children Books  
      Non-fiction Sarojini Nagar Sarojini Nagar 21/10/2024 सनशाइन बुकस/IN5682/04.09.24/BAL/219/03.09.24/23.09.2024 450.00 रमाशं क B-760520 1 450.00 Children Books  
      Non-fiction Shahdara Branch Shahdara Branch 21/10/2024 सनशाइन बुकस/IN5682/04.09.24/BAL/219/03.09.24/23.09.2024 450.00 रमाशं क B-760525 1 450.00 Children Books  
      Non-fiction Tri Nagar Tri Nagar 21/10/2024 सनशाइन बुकस/IN5682/04.09.24/BAL/219/03.09.24/23.09.2024 450.00 रमाशं क B-760519 1 450.00 Children Books  
      Non-fiction Vinoba Puri Vinoba Puri 21/10/2024 सनशाइन बुकस/IN5682/04.09.24/BAL/219/03.09.24/23.09.2024 450.00 रमाशं क B-760523 1 450.00 Children Books  
      Non-fiction Yojana Vihar Yojana Vihar 21/10/2024 सनशाइन बुकस/IN5682/04.09.24/BAL/219/03.09.24/23.09.2024 450.00 रमाशं क B-760526 1 450.00 Children Books  

© Delhi Public Library
Hit Counter
free hit counter